Pat Morita Filmography - Statistics

General Stats
  • This quiz has been taken 8 times
    6 since last reset
  • The average score is 40 of 216
Answer Stats
Type Year Name % Correct
Film 1984 The Karate Kid
100%
TV Show 1989 The Karate Kid
100%
Film 1986 The Karate Kid Part II
100%
Film 1994 The Next Karate Kid
83%
TV Show 1975-1983 Happy Days
67%
Film 1989 The Karate Kid Part III
67%
Film 1999 Inferno
50%
Film 1998 Mulan
50%
TV Mini-Series 1985 Alice in Wonderland
33%
Film 1993 American Ninja V
33%
Film 1997 Bloodsport III
33%
Film 1996 Bloodsport II: The Next Kumite
33%
Film 1999 King Cobra
33%
TV Show 1976 Mr. T and Tina
33%
Film 2004 Mulan II
33%
TV Show 2006 SpongeBob SquarePants
33%
TV Show 1977, 1978 The Love Boat
33%
Film 2006 18 Fingers of Death!
17%
TV Show 1992 ABC Weekend Specials
17%
Film 2011 Act Your Age
17%
TV Show 1998 Adventures from the Book of Virtues
17%
TV Show 1998-2000 Adventures with Kanga Roddy
17%
TV Show 1981 Aloha Paradise
17%
Film 2005 American Fusion
17%
TV Film 1985 Amos
17%
Documentary 1998 Ancestors in the Americas, Part II
17%
TV Show 1990 An Evening at the Improv
17%
TV Film 1995 Asian Connection: Road to Mandalay
17%
Film 1992 Auntie Lee's Meat Pies
17%
TV Film 1972 A Very Missing Person
17%
TV Film 1986 Babes in Toyland
17%
TV Show 2000-2001 Baywatch
17%
Documentary 1997 Beyond Barbed Wire
17%
TV Film 1988 Big Bird in Japan
17%
TV Show 1979 Bizarre
17%
TV Show 1977 Blansky's Beauties
17%
TV Film 1985 Blind Alleys
17%
TV Show 1968 Blondie
17%
Film 2013 Blunt Movie
17%
TV Show 2002 Body & Soul
17%
TV Show 1996 Boy Meets World
17%
TV Mini-Series 1991 Britannica's Tales Around the World
17%
TV Film 1973 Brock's Last Case
17%
Film 2000 Brother
17%
TV Show 1995 Burke's Law
17%
Film 1972 Cancel My Reservation
17%
TV Show 1974 Cannon
17%
Film 1987 Captive Hearts
17%
Film 1997 Captured Alive
17%
TV Show 1999 Caroline in the City
17%
Film 1964 Car Thieves
17%
TV Show 1977 Chico and the Man
17%
Commercial Late 1980s Colgate Toothpaste
17%
Film 1989 Collision Course
17%
TV Show 1972 Columbo
17%
TV Film 1973 Cops
17%
TV Film 1981 Crash Island
17%
TV Show 1993 Dave's World
17%
TV Show 1993 Detective Extralarge
17%
TV Show 1998 Diagnosis: Murder
17%
TV Show 1975 Dinah!
17%
Commercial 2001 DirecTV
17%
Video Game 1998 Disney's Animated Storybook: Mulan
17%
Film 1991 Do or Die
17%
Film 2005 Down and Derby
17%
Film 1996 Earth Minus Zero
17%
Film 2004 Elvis Has Left the Building
17%
Film 1993 Even Cowgirls Get the Blues
17%
Film 1972 Every Little Crook and Nanny
17%
TV Film 1972 Evil Roy Slade
17%
TV Show 1998 Family Matters
17%
TV Film 1976 Farewell to Manzanar
17%
TV Show 1998 Fast Track
17%
Commercial 1990s First Hawaiian Bank
17%
TV Show 2001 First Years
17%
TV Show 1970 Flip
17%
TV Film 1980 For the Love of It
17%
Film 1981 Full Moon High
17%
TV Show 1967 Gomer Pyle: USMC
17%
TV Film 2001 Gone to Maui
17%
Film 1991 Goodbye Paradise
17%
TV Show 1990 Good Grief
17%
TV Show 1971 Green Acres
17%
TV Film 1994 Greyhounds
17%
Film 2000 Hammerlock
17%
TV Show 1997 Happily Ever After: Fairy Tales for Every Child
17%
TV Special 1992 Happy Days Reunion Special
17%
TV Show 1991 Harry and the Hendersons
17%
TV Film 1995 Hart to Hart: Secrets of the Hart
17%
TV Show 1973 Hawaii Five-O
17%
Film 2003 High Roller: The Stu Ungar Story
17%
TV Film 1990 Hiroshima: Out of the Ashes
17%
Film 1980 Hito Hata: Raise the Banner
17%
Film 1992 Honeymoon in Vegas
17%
Film 2001 House of Luk
17%
TV Film 1978 Human Feelings
17%
Film 2001 Hwasango
17%
Film 1999 I'll Remember April
17%
TV Show 1983 Imagine That
17%
Film 1975 I Wonder Who's Killing Her Now?
17%
Film 1982 Jimmy the Kid
17%
Video Game 2005 Kingdom Hearts II
17%
Video Game 2007 Kingdom Hearts II: Final Mix+
17%
TV Show 1975 Kung Fu
17%
TV Film 1996 Lamb Chop's Special Chanukah
17%
TV Show 1967 Las Vegas
17%
TV Show 1980 Laverne & Shirley
17%
Film 1991 Lena's Holiday
17%
Commercial 2001 Lipton Sizzle & Stir
17%
Film 1993 Living and Working in Space: Countdown Has Begun
17%
TV Show 1975 Lola!
17%
Short Film 1999 Los Gringos
17%
TV Show 1982 Lou Grant
17%
TV Show 1988 Lou Rawls Parade of Stars
17%
TV Show 1971, 1972 Love, American Style
17%
TV Show 1982 Magnum, P.I.
17%
TV Show 1978 Man from Atlantis
17%
TV Show 1996 Married... with Children
17%
TV Show 1973, 1974 M*A*S*H
17%
TV Film 1992 Mastergate
17%
TV Show 1976 Match Game
17%
TV Show 1976 Match Game PM
17%
TV Show 1971 McCloud
17%
Film 1976 Midway
17%
Film 1992 Miracle Beach
17%
Music Video 2001 Movies
17%
Video Game 1998 Mulan Story Studio
17%
TV Show 1996 Murder, She Wrote
17%
TV Show 1970 Nanny and the Professor
17%
TV Show 1972 Neil Simon's The Odd Couple
17%
Film 1984 Night Patrol
17%
TV Show 1987-1988 Ohara
17%
TV Show 1996 One West Waikiki
17%
Film 2006 Only the Brave
17%
TV Show 2004 Pacific Fusion
17%
Commercial 1985 Pizza Hut
17%
TV Show 1969 Playboy After Dark
17%
TV Show 1974 Police Woman
17%
TV Show 1984 Pryor's Place
17%
TV Film 1974 Punch and Jody
17%
TV Film 1998 Reflections on Ice: Michelle Kwan Skates to the Music of Disney's 'Mulan'
17%
Film 1996 Reggie's Prayer
17%
Short Film 2010 Remove All Obstacles
17%
Film 2014 Rice Girl
17%
TV Show 2005 Robot Chicken
17%
TV Show 1968, 1971 Rowan & Martin's Laugh-In
17%
Film 2009 Royal Kill
17%
TV Show 1974-1976 Sanford and Son
17%
Film 1992 Sangokushi
17%
Film 1982 Savannah Smiles
17%
Film 2001 Shadow Fury
17%
Film 1982 Slapstick of Another Kind
17%
TV Show 2001 Son of the Beach
17%
TV Show 1993 Space Rangers
17%
Film 1996 Spy Hard
17%
Film 2006 Spymate
17%
TV Show 2002 Spy TV
17%
TV Show 1978 Starsky & Hutch
17%
Film 1991 Strawberry Road
17%
Short Film 2000 Talk to Taka
17%
TV Short 1973 The Barbara Eden Show
17%
Film 2002 The Biggest Fan
17%
TV Show 1971 The Bill Cosby Show
17%
TV Show 1972 The Bob Newhart Show
17%
Film 2001 The Boys of Sunset Ridge
17%
TV Show 1973 The Brian Keith Show
17%
Film 2001 The Center of the World
17%
TV Show 1969 The Courtship of Eddie's Father
17%
TV Show 1994 The Fresh Prince of Bel-Air
17%
TV Show 1964, 1965, 1966 The Hollywood Palace
17%
TV Show 2000 The Hughleys
17%
TV Show 1978 The Incredible Hulk
17%
TV Show 1977 The Kallikaks
17%
TV Film 2005 The Karate Dog
17%
Film 2004 The Last Shot
17%
TV Show 1969 The Mike Douglas Show
17%
TV Show 1969 The Mike Douglas Show
17%
TV Show 1981 The Misadventures of Sheriff Lobo
17%
Film 1995 The Misery Brothers
17%
TV Show 1991 The Munsters Today
17%
TV Show 1996-1998 The Mystery Files of Shelby Woo
17%
TV Show 1972 The Odd Couple
17%
TV Show 1998 The Outer Limits
17%
TV Show 1968 The Outsider
17%
TV Show 1969 The Queen and I
17%
Documentary 2015 The Real Miyagi
17%
Film 2002 The Stoneman
17%
TV Film 1984 The Vegas Strip War
17%
Short Documentary 2005 The Way of the Karate Kid
17%
Film 1967 Thoroughly Modern Millie
17%
Film 1995 Timemaster
17%
Commercial 2000 TV Land
17%
TV Show 1976 Welcome Back, Kotter
17%
TV Show 1990 What a Dummy
17%
TV Film 1986 What Has Four Wheels and Flies
17%
Film 1980 When Time Ran Out...
17%
Film 1972 Where Does It Hurt?
17%
TV Film 1975 Wives
17%
TV Show 2003 Yes, Dear
17%
TV Film 1979 Young Guy Christian
17%
TV Show 1976 American Bandstand
0%
TV Show 1976 Celebrity Bowling
0%
Documentary 2000 Diamonds in the Rough: The Legacy of Japanese American Baseball
0%
Film 1992 Genghis Khan
0%
Film 1992 Great Conquest: The Romance of 3 Kingdoms
0%
TV Special 2005 Happy Days: 30th Anniversary Reunion
0%
Short Documentary 2010 Interviews of Ninja's Creed
0%
Film 1983 Lucky Luke: The Daltons on the Run
0%
Film 2004 Miss Cast Away and the Island Girls
0%
Short Documentary 2013 Mulan: 15th Anniversary - The Voices of Mulan II
0%
Documentary TBA Pat Morita: Long Story Short
0%
TV Show 1975 Tattletales
0%
TV Show 1976 The Captain and Tennille
0%
TV Show 1976 The Merv Griffin Show
0%
Film 2006 The Number One Girl
0%
Film 1968 The Shakiest Gun in the World
0%
No matching quizzes found
Score Distribution
Percent of People with Each Score
Percentile by Number Answered
Your Score History
You have not taken this quiz since the last reset